00308 a2200109 4500001000700000020000600007040001100013100002000024240007500044245007000119362000900189166341 a  cMagnum aPapert, Seymour10aA maquina das criancas: repensando a escola na era da informaticalpor10aA maquina das criancas: repensando a escola na era da informatica0 a1899